Social Science-F.A.-IX (Record no. 5509)

MARC details
000 -LEADER
fixed length control field 00210nam a22000857a 4500
008 - FIXED-LENGTH DATA ELEMENTS--GENERAL INFORMATION
fixed length control field 170117b xxu||||| |||| 00| 0 eng d
100 ## - MAIN ENTRY--PERSONAL NAME
9 (RLIN) 2451
Personal name CBSE
245 ## - TITLE STATEMENT
Title Social Science-F.A.-IX
260 ## - PUBLICATION, DISTRIBUTION, ETC. (IMPRINT)
Place of publication, distribution, etc. New Delhi
Name of publisher, distributor, etc. CBSE
Date of publication, distribution, etc. 2010
Holdings
Withdrawn status Lost status Source of classification or shelving scheme Damaged status Koha normalized classification for sorting Not for loan Home library Current library Shelving location Date acquired Total Checkouts Full call number Barcode Date last seen Price effective from Koha item type Date last checked out
    Dewey Decimal Classification   300_000000000000000   Good Samaritan School Library Good Samaritan School Library Social Science 01/17/2017   300 CBS8841 01/17/2017 01/17/2017 BOOK  
    Dewey Decimal Classification   300_000000000000000   Good Samaritan School Library Good Samaritan School Library Social Science 01/17/2017   300 CBS8842 01/17/2017 01/17/2017 BOOK  
    Dewey Decimal Classification   300_000000000000000   Good Samaritan School Library Good Samaritan School Library Social Science 01/17/2017   300 CBS8843 01/17/2017 01/17/2017 BOOK  
    Dewey Decimal Classification   300_000000000000000   Good Samaritan School Library Good Samaritan School Library Social Science 01/17/2017   300 CBS8844 01/17/2017 01/17/2017 BOOK  
    Dewey Decimal Classification   300_000000000000000   Good Samaritan School Library Good Samaritan School Library Social Science 01/17/2017   300 CBS8845 01/17/2017 01/17/2017 BOOK  
    Dewey Decimal Classification   300_000000000000000   Good Samaritan School Library Good Samaritan School Library Social Science 01/17/2017   300 CBS8846 01/17/2017 01/17/2017 BOOK  
    Dewey Decimal Classification   300_000000000000000   Good Samaritan School Library Good Samaritan School Library Social Science 01/17/2017   300 CBS8847 01/17/2017 01/17/2017 BOOK  
    Dewey Decimal Classification   300_000000000000000   Good Samaritan School Library Good Samaritan School Library Social Science 01/17/2017   300 CBS8848 01/17/2017 01/17/2017 BOOK  
    Dewey Decimal Classification   300_000000000000000   Good Samaritan School Library Good Samaritan School Library Social Science 01/17/2017 1 300 CBS8849 10/01/2019 01/17/2017 BOOK 09/24/2019

Powered by Koha